Sociolinguistics
The book covers the standard topics in sociolinguistics, including: language variation, language varieties, code-switching, anthropological linguistics, gender differences, and educational implications of sociolinguistics
Đã lưu trong:
| 主要作者: | |
|---|---|
| 格式: | 圖書 |
| 語言: | Undetermined |
| 出版: |
Oxford
Oxford University Press
2010
|
| 主題: | |
| 標簽: |
添加標簽
沒有標簽, 成為第一個標記此記錄!
|
| Thư viện lưu trữ: | Trung tâm Học liệu Trường Đại học Cần Thơ |
|---|
| LEADER | 00746nam a2200193Ia 4500 | ||
|---|---|---|---|
| 001 | CTU_153390 | ||
| 008 | 210402s9999 xx 000 0 und d | ||
| 082 | |a 306.44 | ||
| 082 | |b S762 | ||
| 100 | |a Spolsky, Bernard | ||
| 245 | 0 | |a Sociolinguistics | |
| 245 | 0 | |c Bernard Spolsky | |
| 260 | |a Oxford | ||
| 260 | |b Oxford University Press | ||
| 260 | |c 2010 | ||
| 520 | |a The book covers the standard topics in sociolinguistics, including: language variation, language varieties, code-switching, anthropological linguistics, gender differences, and educational implications of sociolinguistics | ||
| 650 | |a Sociolinguistics,Ngôn ngữ xã hội học | ||
| 904 | |i Bạch Trúc | ||
| 980 | |a Trung tâm Học liệu Trường Đại học Cần Thơ | ||